header

Francis Bacon and the transformation of early-modern philosophy (Record no. 11254)

MARC details
000 -LEADER
fixed length control field 01245nam a22003134a 4500
082 04 - DEWEY DECIMAL CLASSIFICATION NUMBER
Classification number 192
100 1# - MAIN ENTRY--AUTHOR NAME
Personal name Gaukroger, Stephen.
245 10 - TITLE STATEMENT
Title Francis Bacon and the transformation of early-modern philosophy
260 ## - PUBLICATION, DISTRIBUTION, ETC. (IMPRINT)
Place of publication Cambridge ;
-- New York :
Name of publisher Cambridge University Press,
Year of publication 2001.
300 ## - PHYSICAL DESCRIPTION
Number of Pages xii, 249 p.
650 #0 - SUBJECT ADDED ENTRY--TOPICAL TERM
Topical Term Philosophy, Modern
856 40 - ELECTRONIC LOCATION AND ACCESS
Uniform Resource Identifier http://site.ebrary.com/lib/rucke/Doc?id=10014962

No items available.

© 2026 Rongo University
Contact us: librarian | system librarian | Rongo university